00517 2200181 4500001002100000005001500021035002000036008004100056245004300097100002100140260005400161300002700215084002000242082001000262650002100272020002200293990002000315INLIS00000000000795320260430025348 a0010-0426000141260430 0 ind 1 aTamadun Alam Melayu /cMohd Arof Ishak aIshak, Mohd Arof aKuala Lumpur :bPersatuan Sejarah Malaysia,c2009 a481 hlm. ;c23 x 15 cm a959.5 ISH T C.1 a959.5 4aSejarah Malaysia a978-983-2140-12-2 a260311200011293